Flaggen Quiz (Sehr schwer) - Statistiken

Allgemein
  • Dieses Quiz wurde 2.392 mal gespielt
  • Das Durchschnittsergebnis liegt bei 12 aus 16
Antwortstatistiken
Bildquiz Antwort % Korrekt
Malta
96%
Barbados
90%
Bahrain
84%
Burundi
80%
Trinidad und Tobago
78%
Surinam
76%
Dominica
75%
Osttimor
70%
St. Vincent und die Grenadinen
70%
Vanautu
67%
Gambia
66%
Nauru
66%
Samoa
66%
Tuvalu
66%
Ruanda
63%
Salomonen
56%
Keine übereinstimmenden Quizze gefunden
Verteilung der Resultate
Anzahl Personen mit jedem Resultat
Perzentil nach korrekt beantworteten Fragen
Ihre Resultats-Entwicklung
Sie haben dieses Quiz noch nicht gespielt